Statystyki dla Państwa należące do Unii Europejskiej

Kliknij tutaj aby rozwiązać quiz!

Ogólne statystyki

  • Ten quiz został rozwiązany 128 razy
  • Średni wynik to 23 z 27

Statystyki odpowiedzi

Państwa% Poprawnych
Niemcy
98%
Estonia
97%
Polska
97%
Francja
95%
Hiszpania
94%
Litwa
94%
Łotwa
94%
Portugalia
94%
Czechy
92%
Słowenia
92%
Chorwacja
91%
Szwecja
91%
Włochy
91%
Belgia
89%
Grecja
89%
Slowacja
89%
Holandia
88%
Austria
85%
Dania
85%
Luksemburg
85%
Finlandia
83%
Bułgaria
82%
Węgry
80%
Rumunia
77%
Irlandia
75%
Cypr
65%
Malta
58%

Rozkład punktacji

Percentyl według liczby udzielonych odpowiedzi

Procent ludzi z każdym wynikiem

Twoja historia wyników

Nie rozwiązałeś tego quizu